Statistics for Countries Where Slavery is Still Legal

Click here to take the quiz!

General Stats

  • This quiz has been taken 214 times
  • The average score is 4 of 6

Answer Stats

# of Slaves% of Country PopulationCountry% Correct
18,400,0001.3%India
81%
1,100,0004.2%North Korea
77%
3,200,0000.2%China
76%
2,100,0001.0%Pakistan
65%
1,500,0000.9%Bangladesh
51%
1,200,0003.5%Uzbekistan
23%

Score Distribution

Percentile by Number Answered

Percent of People with Each Score

Your Score History

You have not taken this quiz